| 000 | 00959naa a2200289 c 4500 | ||
|---|---|---|---|
| 001 | 39477 | ||
| 003 | ES-MaCES | ||
| 005 | 20091111143100.0 | ||
| 008 | 091111n2009 fr a t 000 | fre d | ||
| 035 | _aCES20090009201v | ||
| 040 |
_aES-MaCES _bspa _cES-MaCES |
||
| 100 | 1 |
_aCharbonneau, Johanne _99497 |
|
| 245 | 1 | 0 |
_aAssociations caritatives et fraude fiscale _cJohanne Charbonneau |
| 650 | 4 |
_afraude fiscal _931745 |
|
| 650 | 4 |
_anecesidades esenciales _929224 |
|
| 650 | 4 |
_apolítica social _927029 |
|
| 650 | 4 |
_aasistencia _927395 |
|
| 650 | 4 |
_ainstitución social _929461 |
|
| 650 | 4 |
_aexclusión social _930629 |
|
| 650 | 4 |
_alucha contra la pobreza _930648 |
|
| 650 | 4 |
_apobreza _927112 |
|
| 653 | 1 | 0 | _aOrganizaciones |
| 773 | 0 |
_tL'observateur de l'OCDE _gnº 273 (juin 2009){10173 R. 075319}; p. 27-28 _w(ES-MaCES)25190 _940966 |
|
| 902 | _aART Artículo de revista | ||
| 942 |
_2CES _cAR _h6.3. |
||
| 999 |
_c39477 _d39477 |
||